[Event "Tenerife-chT Tercera"]
[Site "Tenerife"]
[Date "2023.04.16"]
[Round "11.1"]
[White "Hernandez Gutierrez, Acoraide"]
[Black "Alessandro, Sergio"]
[Result "1-0"]
[WhiteElo "1484"]
[BlackElo "1551"]
[PlyCount "99"]
[EventDate "2023.01.14"]
[EventType "team-tourn"]
[EventRounds "15"]
[EventCountry "ESP"]
[SourceTitle "EXT 2024"]
[Source "ChessBase"]
[SourceDate "2023.10.10"]
[SourceVersion "1"]
[SourceVersionDate "2023.10.10"]
[SourceQuality "1"]
[WhiteTeam "Playa San Juan II"]
[BlackTeam "Arona CC"]
[WhiteTeamCountry "ESP"]
[BlackTeamCountry "ESP"]

1. d4 d5 2. Bf4 e6 3. e3 Bd6 4. Bg3 Nf6 5. Nf3 0-0 6. Bd3 c5 7. c3 cxd4 8. exd4 Nc6 9. Nbd2 Re8 10. Ne5 h6 11. Ndf3 Qc7 12. Qc2 Nb4 13. cxb4 Qxc2 14. Bxc2 Bxb4+ 15. Nd2 Bxd2+ 16. Kxd2 b5 17. f3 Bb7 18. Bd3 a6 19. Rac1 Rac8 20. Rxc8 Rxc8 21. Rc1 Rxc1 22. Kxc1 Kf8 23. Bc2 Nh5 24. Nd7+ Ke7 25. Nc5 Bc8 26. a4 bxa4 27. Bxa4 Nxg3 28. hxg3 f6 29. f4 Kd6 30. Nd3 Kc7 31. Kd2 Kb6 32. Kc3 Ka5 33. Bd1 Kb5 34. Bg4 Kc6 35. Kb4 Kb6 36. Nc5 f5 37. Bh5 a5+ 38. Ka4 g5 39. Bf7 e5 40. fxe5 f4 41. gxf4 gxf4 42. Bxd5 h5 43. e6 Kc7 44. Kxa5 Kd6 45. Bf3 h4 46. b4 Bxe6 47. Nxe6 Kxe6 48. b5 Kd7 49. Kb6 Kc8 50. Ka7 1-0

[Event "Tenerife-chT Primera"]
[Site "Tenerife"]
[Date "2022.05.07"]
[Round "11.1"]
[White "Alessandro, Sergio"]
[Black "Reyes Sanchez, Francisco Javier"]
[Result "1-0"]
[WhiteElo "1552"]
[BlackElo "1629"]
[PlyCount "186"]
[EventDate "2022.01.29"]
[EventType "team-tourn"]
[EventRounds "14"]
[EventCountry "ESP"]
[SourceTitle "EXT 2024"]
[Source "ChessBase"]
[SourceDate "2023.10.10"]
[SourceVersion "1"]
[SourceVersionDate "2023.10.10"]
[SourceQuality "1"]
[WhiteTeam "Santa Ursula Badnor"]
[BlackTeam "El Sauzal II"]
[WhiteTeamCountry "ESP"]
[BlackTeamCountry "ESP"]

1. Nf3 d5 2. e4 dxe4 3. Ng5 Nf6 4. Bc4 e6 5. Nc3 b6 6. Ncxe4 Nxe4 7. Nxe4 Bb7 8. Qe2 Nd7 9. 0-0 Nf6 10. f3 Be7 11. c3 0-0 12. d4 Bd5 13. Bd3 Bb7 14. Ng3 c5 15. Be3 Nd5 16. Bd2 Qc7 17. dxc5 Bxc5+ 18. Kh1 Nf4 19. Bxf4 Qxf4 20. b4 Bd6 21. Rfe1 Qh4 22. Nf1 Rfd8 23. Rad1 Rac8 24. Rc1 Qf6 25. Qb2 Bf4 26. Rcd1 Rxc3 27. Bxh7+ Kxh7 28. Rxd8 Qxd8 29. Qxc3 Qd5 30. Qc2+ Kg8 31. Rd1 Qg5 32. Qd3 Bd5 33. Qa6 Qe7 34. Qe2 Qxb4 35. Ne3 Bxe3 36. Qxe3 Qb2 37. Qd2 Qa3 38. h3 a6 39. Rc1 Qxa2 40. Rc8+ Kh7 41. Qg5 Qa1+ 42. Kh2 Qf6 43. Qh5+ Qh6 44. Qxf7 a5 45. Qg8+ Kg6 46. Qe8+ Kf6 47. Qd8+ Kg6 48. Qxb6 Qf4+ 49. Kh1 Qd2 50. Qb1+ Kf6 51. Rc2 Qd3 52. Qb2+ Kg6 53. Rd2 Qf1+ 54. Kh2 Qc4 55. Rd4 Qc7+ 56. Kh1 Kh5 57. Qd2 g5 58. Ra4 Qg3 59. Rg4 Qe5 60. Qxa5 Qe2 61. Qc5 Qd1+ 62. Kh2 Qd2 63. Rd4 Qa2 64. Qc3 Kg6 65. h4 Qf2 66. Rg4 Kf7 67. hxg5 Qb6 68. Qf6+ Ke8 69. Rh4 Qb8+ 70. Kh3 Qb1 71. Rh8+ Kd7 72. Qd8+ Kc6 73. Qc8+ Kb6 74. Qb8+ Bb7 75. Qd6+ Ka7 76. Qc5+ Ka6 77. Qa3+ Kb5 78. Rb8 Qf5+ 79. g4 Qh7+ 80. Kg3 Qc7+ 81. f4 Qxb8 82. Qd3+ Kc6 83. g6 Qg8 84. Qc3+ Kd6 85. Qf6 Kd5 86. g7 Qa8 87. Qf8 Qa1 88. Qd8+ Ke4 89. g8Q Qc3+ 90. Kh4 Qe1+ 91. Kg5 Bd5 92. Qg6+ Kf3 93. Qd3+ Kg2 1-0

[Event "Tenerife-chT Primera"]
[Site "Tenerife"]
[Date "2022.01.29"]
[Round "1.1"]
[White "Jorquera Fuentes, Hugo Samuel"]
[Black "Alessandro, Sergio"]
[Result "1-0"]
[WhiteElo "1916"]
[BlackElo "1552"]
[PlyCount "59"]
[EventDate "2022.01.29"]
[EventType "team-tourn"]
[EventRounds "14"]
[EventCountry "ESP"]
[SourceTitle "EXT 2024"]
[Source "ChessBase"]
[SourceDate "2023.10.10"]
[SourceVersion "1"]
[SourceVersionDate "2023.10.10"]
[SourceQuality "1"]
[WhiteTeam "Al Shah Mat Los Realejos II"]
[BlackTeam "Santa Ursula Badnor"]
[WhiteTeamCountry "ESP"]
[BlackTeamCountry "ESP"]

1. e4 d5 2. exd5 Qxd5 3. Nf3 Bg4 4. Be2 Nc6 5. Nc3 Qd7 6. d3 e5 7. h3 Bxf3 8. Bxf3 0-0-0 9. Be3 a6 10. Ne4 Nd4 11. 0-0 f5 12. Bxd4 Qxd4 13. c3 Qxd3 14. Qb3 fxe4 15. Rad1 Qb5 16. Bg4+ Rd7 17. Bxd7+ Qxd7 18. Rxd7 Kxd7 19. Qf7+ Ne7 20. Rd1+ Kc6 21. Rd8 Ng6 22. Qd5+ Kb6 23. Rb8 c6 24. Qb3+ Kc7 25. Qxb7+ Kd6 26. Rd8+ Ke6 27. Qxc6+ Kf7 28. Qxe4 h5 29. Qf5+ Ke7 30. Rd7+ 1-0

[Event "Tenerife Spring op"]
[Site "Tenerife"]
[Date "2020.03.09"]
[Round "2.9"]
[White "Abreu Suarez, Isauro"]
[Black "Alessandro, Sergio"]
[Result "1-0"]
[WhiteElo "1999"]
[BlackElo "1580"]
[PlyCount "58"]
[EventDate "2020.03.06"]
[EventType "swiss"]
[EventRounds "9"]
[EventCountry "ESP"]
[SourceTitle "EXT 2024"]
[Source "ChessBase"]
[SourceDate "2023.10.10"]
[SourceVersion "1"]
[SourceVersionDate "2023.10.10"]
[SourceQuality "1"]

1. Nc3 d5 2. e4 d4 3. Nce2 e5 4. Ng3 Be6 5. Nf3 f6 6. Bb5+ c6 7. Ba4 Nd7 8. Bb3 Nc5 9. Bxe6 Nxe6 10. d3 Bb4+ 11. Bd2 Qa5 12. 0-0 Ne7 13. Nf5 Nxf5 14. exf5 Nc5 15. a3 Bxd2 16. Nxd2 Qc7 17. f4 exf4 18. Qh5+ Kf8 19. Rae1 Qf7 20. Qh4 Rd8 21. Rxf4 Qd7 22. Nf3 Kf7 23. Qh5+ Kf8 24. Rxd4 Qc7 25. Nh4 Rg8 26. Qxh7 Kf7 27. Qh5+ g6 28. Qh7+ Rg7 29. fxg6+ Kf8 1-0

[Event "Tenerife-ch Seniors"]
[Site "Tenerife"]
[Date "2020.01.20"]
[Round "3"]
[White "Alessandro, Sergio"]
[Black "Diaz Garcia, Carlos Luis"]
[Result "1-0"]
[WhiteElo "1591"]
[BlackElo "1356"]
[PlyCount "59"]
[EventDate "2020.01.15"]
[EventType "swiss"]
[EventRounds "7"]
[EventCountry "ESP"]
[SourceTitle "CBM 195 Extra"]
[Source "ChessBase"]
[SourceDate "2020.05.31"]
[SourceVersion "1"]
[SourceVersionDate "2020.05.31"]
[SourceQuality "1"]

1. Nf3 Nf6 2. b4 d5 3. Bb2 e6 4. a3 Be7 5. e3 0-0 6. c4 Nc6 7. Be2 a5 8. b5 Nb8 9. 0-0 Nbd7 10. d4 Nb6 11. Nbd2 Re8 12. Qc2 Bf8 13. c5 Nbd7 14. c6 Nb6 15. Ne5 Bd6 16. Ndf3 Ne4 17. Bd3 f6 18. Bxe4 dxe4 19. Qxe4 fxe5 20. cxb7 Bxb7 21. Qxb7 Nc4 22. dxe5 Bf8 23. Rab1 Nxb2 24. Rxb2 Bc5 25. Qc6 Bb6 26. Rd2 Qe7 27. Rd7 Qf8 28. Nd4 Bxd4 29. exd4 Re7 30. Rxe7 1-0

[Event "Santa Cruz de Tenerife op 30th"]
[Site "Santa Cruz de Tenerife"]
[Date "2019.12.20"]
[Round "6"]
[White "Marin Dorta, Alejandro"]
[Black "Alessandro, Sergio"]
[Result "1/2-1/2"]
[WhiteElo "1787"]
[BlackElo "1589"]
[PlyCount "185"]
[EventDate "2019.12.13"]
[EventType "swiss"]
[EventRounds "9"]
[EventCountry "ESP"]
[SourceTitle "CBM 194 Extra"]
[Source "ChessBase"]
[SourceDate "2020.03.31"]
[SourceVersion "1"]
[SourceVersionDate "2020.03.31"]
[SourceQuality "1"]

1. e4 g6 2. d4 Bg7 3. Nc3 d6 4. h3 Nf6 5. Nf3 0-0 6. Be2 b6 7. 0-0 Bb7 8. Qd3 Ba6 9. Qe3 Bxe2 10. Qxe2 c6 11. e5 Ne8 12. Bf4 Nc7 13. Rfe1 Ne6 14. Bg3 d5 15. Qd3 a5 16. Ne2 Bh6 17. Nh2 Na6 18. Ng4 Bg7 19. Nf4 Nac7 20. Nxe6 Nxe6 21. f4 c5 22. c3 c4 23. Qf3 h5 24. Ne3 Nc7 25. f5 e6 26. f6 Bh6 27. Bf4 Bxf4 28. Qxf4 Kh7 29. Qg5 Rh8 30. Kf2 Qf8 31. Rh1 Qh6 32. Qxh6+ Kxh6 33. g4 h4 34. b3 cxb3 35. axb3 b5 36. Ke2 Ra6 37. Ng2 g5 38. Ne1 Rha8 39. Nd3 a4 40. Rhb1 axb3 41. Rxa6 Rxa6 42. Rxb3 Ra2+ 43. Nb2 Ra1 44. Nd1 Kg6 45. Kd2 Ra5 46. Nb2 Na8 47. Nd3 Ra2+ 48. Ke3 Nc7 49. Rb2 Ra1 50. Kd2 Rh1 51. Nf2 Rf1 52. Ke2 Ra1 53. Nd1 Ra4 54. Kd2 Ra5 55. Kc2 Ra1 56. Nf2 Ra3 57. Nd3 Ra1 58. Kb3 Rd1 59. Nf2 Ra1 60. Ra2 Rb1+ 61. Kc2 Rf1 62. Kd3 Ne8 63. Ke2 Rc1 64. Nd1 b4 65. Kd3 Rb1 66. Ra7 bxc3 67. Kc2 Rb4 68. Nxc3 Rxd4 69. Re7 Nxf6 70. exf6 Kxf6 71. Ra7 Rf4 72. Ra3 Kg6 73. Ne2 Re4 74. Kd3 f5 75. gxf5+ Kxf5 76. Ra1 g4 77. hxg4+ Kxg4 78. Rg1+ Kf3 79. Nd4+ Kf2 80. Rd1 Re3+ 81. Kd2 h3 82. Rh1 Re4 83. Nxe6 Kg2 84. Rxh3 Rxe6 85. Re3 Ra6 86. Re5 Ra5 87. Kd3 Kf3 88. Rf5+ Kg4 89. Rf1 Ra4 90. Rf8 Rb4 91. Rf7 Kg5 92. Rd7 Rb1 93. Rxd5+ 1/2-1/2

[Event "Tenerife Verano op"]
[Site "Tenerife"]
[Date "2019.08.05"]
[Round "4"]
[White "Alessandro, Sergio"]
[Black "Jimenez Arteaga, Angel"]
[Result "0-1"]
[WhiteElo "1618"]
[BlackElo "1968"]
[PlyCount "114"]
[EventDate "2019.07.29"]
[EventType "swiss"]
[EventRounds "9"]
[EventCountry "ESP"]
[SourceTitle "EXT 2020"]
[Source "ChessBase"]
[SourceDate "2019.10.17"]
[SourceVersion "1"]
[SourceVersionDate "2019.10.17"]
[SourceQuality "1"]

1. Nf3 e6 2. g3 Nf6 3. Bg2 d5 4. 0-0 Be7 5. c4 0-0 6. b3 b6 7. cxd5 exd5 8. Bb2 Bb7 9. d3 Nbd7 10. Nbd2 Re8 11. Rc1 c5 12. d4 Rc8 13. Re1 Ne4 14. Nf1 Bf6 15. Ne3 g6 16. Qd3 Bg7 17. Nd2 f5 18. Rc2 Nb8 19. Nxe4 dxe4 20. Qc4+ Kh8 21. d5 Ba6 22. Bxg7+ Kxg7 23. Qc3+ Qf6 24. Qxf6+ Kxf6 25. f3 exf3 26. exf3 Rcd8 27. f4 Re7 28. Rd2 Red7 29. Nc4 Bxc4 30. bxc4 Re7 31. Rxe7 Kxe7 32. Re2+ Kf7 33. Kf2 Re8 34. Rd2 Ke7 35. Ke3 Kd6+ 36. Kd3 Re1 37. Rb2 Na6 38. Kc3 Nb4 39. Rd2 Rc1+ 40. Kb3 Rb1+ 41. Kc3 Rc1+ 42. Kb3 Rb1+ 43. Ka4 Na6 44. a3 Nc7 45. Bf3 a6 46. Be2 b5+ 47. Ka5 Ra1 48. cxb5 Rxa3+ 49. Kb6 axb5 50. Bf1 c4 51. Kb7 c3 52. Rc2 b4 53. Bc4 Nxd5 54. Bxd5 Kxd5 55. Kb6 Kc4 56. Re2 b3 57. Re8 b2 0-1

[Event "Tenerife-ch Seniors"]
[Site "Santa Cruz"]
[Date "2019.02.22"]
[Round "7"]
[White "Alessandro, Sergio"]
[Black "Febles Dominguez, Alfonso Jesus"]
[Result "1-0"]
[WhiteElo "1644"]
[BlackElo "1267"]
[PlyCount "84"]
[EventDate "2019.02.01"]
[EventType "swiss"]
[EventRounds "7"]
[EventCountry "ESP"]
[SourceTitle "EXT 2024"]
[Source "ChessBase"]
[SourceDate "2023.10.10"]
[SourceVersion "1"]
[SourceVersionDate "2023.10.10"]
[SourceQuality "1"]

1. Nf3 Nf6 2. b3 g6 3. e3 Bg7 4. Bb2 0-0 5. Be2 d6 6. d4 Nbd7 7. Nbd2 Re8 8. 0-0 e5 9. c4 c6 10. Qc2 Qc7 11. e4 b6 12. dxe5 dxe5 13. b4 c5 14. b5 Bb7 15. Rfe1 Rad8 16. a4 a6 17. a5 bxa5 18. Bc3 axb5 19. cxb5 Ra8 20. Ra4 Re6 21. Rea1 Qd6 22. Bxa5 Rc8 23. Bc3 Nb6 24. Ra7 Ba8 25. Qa2 Re7 26. Rxe7 Qxe7 27. Bxe5 Nxe4 28. Bxg7 Kxg7 29. Nc4 Nc3 30. Qb2 Qxe2 31. Qxc3+ Kg8 32. Nxb6 Qe8 33. Nxc8 Qxc8 34. Rc1 Qg4 35. Qf6 Qe4 36. Qe5 Qa4 37. Rxc5 Qd1+ 38. Ne1 Qd8 39. Qc3 Bb7 40. Rc7 Qd5 41. Qf3 Qe6 42. Qc3 Qe4 1-0

[Event "Tenerife-ch Seniors"]
[Site "Santa Cruz"]
[Date "2019.02.13"]
[Round "4"]
[White "Alessandro, Sergio"]
[Black "Rodriguez Perez, Mauro"]
[Result "0-1"]
[WhiteElo "1644"]
[BlackElo "1903"]
[PlyCount "134"]
[EventDate "2019.02.01"]
[EventType "swiss"]
[EventRounds "7"]
[EventCountry "ESP"]
[SourceTitle "EXT 2024"]
[Source "ChessBase"]
[SourceDate "2023.10.10"]
[SourceVersion "1"]
[SourceVersionDate "2023.10.10"]
[SourceQuality "1"]

1. Nf3 e6 2. c4 Nf6 3. g3 d5 4. Bg2 Be7 5. 0-0 0-0 6. Nc3 b6 7. cxd5 exd5 8. d4 Bb7 9. Ne5 Nbd7 10. Nxd7 Qxd7 11. Bg5 h6 12. Bxf6 Bxf6 13. e3 Rfd8 14. b4 c5 15. bxc5 bxc5 16. a4 Rac8 17. Rc1 cxd4 18. exd4 Rc4 19. Qb3 Rxd4 20. Nb5 Rc4 21. Rxc4 dxc4 22. Qxc4 Bxg2 23. Kxg2 a6 24. Nc3 Rc8 25. Qd5 Qc7 26. Ne4 Be7 27. f3 Qc2+ 28. Rf2 Qxa4 29. Qb7 Re8 30. Qd5 Qb5 31. Qa2 Rb8 32. Nc3 Qb3 33. Qxb3 Rxb3 34. Nd5 Ba3 35. Kh3 a5 36. Ra2 Rd3 37. f4 Rxd5 38. Rxa3 g6 39. Kg2 Kg7 40. Kf3 Kf6 41. Ke4 Ke6 42. Ra4 Rb5 43. Ke3 Kd6 44. Kd3 h5 45. Kc3 Kc6 46. Re4 Rb7 47. Re5 Rb5 48. Re7 Rb7 49. Re5 Ra7 50. Kb3 Kd6 51. Ka4 Re7 52. Rxa5 Re2 53. Ra6+ Ke7 54. Ra7+ Kf6 55. Ra6+ Kg7 56. Kb4 Rxh2 57. Kc4 Rh3 58. Kd4 Rxg3 59. Ra1 Kf6 60. Ra6+ Kf5 61. Ra5+ Kxf4 62. Ra6 f5 63. Rf6 h4 64. Rf8 h3 65. Rh8 Kg4 66. Rh6 Kg5 67. Rh8 Rg4+ 0-1

[Event "Canarias-ch Seniors"]
[Site "Santa Cruz de Tenerife"]
[Date "2018.05.10"]
[Round "1"]
[White "Alessandro, Sergio"]
[Black "Andrades Campo, Francisco"]
[Result "1/2-1/2"]
[WhiteElo "1618"]
[BlackElo "1946"]
[PlyCount "84"]
[EventDate "2018.05.10"]
[EventType "swiss"]
[EventRounds "6"]
[EventCountry "ESP"]
[SourceTitle "EXT 2022"]
[Source "ChessBase"]
[SourceDate "2021.10.06"]
[SourceVersion "1"]
[SourceVersionDate "2021.10.06"]
[SourceQuality "1"]

1. b4 e6 2. Bb2 Nf6 3. b5 a6 4. a4 axb5 5. axb5 Rxa1 6. Bxa1 d5 7. e3 Be7 8. Nf3 0-0 9. Be2 c5 10. c4 Nbd7 11. 0-0 Qc7 12. d4 dxc4 13. Nbd2 cxd4 14. Bxd4 c3 15. Qc2 Nd5 16. Nb1 Bf6 17. Rc1 b6 18. Nxc3 Nxc3 19. Qxc3 Qxc3 20. Bxc3 Bxc3 21. Rxc3 Nc5 22. Ne5 Bb7 23. Nc4 Ra8 24. Nxb6 Ra1+ 25. Bf1 Ne4 26. Rc2 g6 27. f3 Nd6 28. Kf2 Rb1 29. Rc7 Rb2+ 30. Kg1 Bd5 31. Nxd5 exd5 32. Rc5 Nc4 33. Bxc4 dxc4 34. Rxc4 Rxb5 35. Kf2 Rb2+ 36. Kg3 h5 37. h4 Kg7 38. Kh3 Re2 39. e4 Re3 40. Kg3 Re2 41. Rc5 Kf6 42. Rg5 Kg7 1/2-1/2

[Event "Tenerife-chT Primera 1718"]
[Site "Tenerife"]
[Date "2018.03.03"]
[Round "11.2"]
[White "Alessandro, Sergio"]
[Black "Rodriguez Falcon, Jesus Manuel"]
[Result "1/2-1/2"]
[WhiteElo "1628"]
[BlackElo "1961"]
[PlyCount "69"]
[EventDate "2017.11.11"]
[EventType "team-tourn"]
[EventRounds "14"]
[EventCountry "ESP"]
[SourceTitle "CBM 187 Extra"]
[Source "ChessBase"]
[SourceDate "2018.11.04"]
[SourceVersion "1"]
[SourceVersionDate "2018.11.04"]
[SourceQuality "1"]
[WhiteTeam "Playa San Juan III"]
[BlackTeam "El Sauzal Gofio Plus II"]
[WhiteTeamCountry "ESP"]
[BlackTeamCountry "ESP"]

1. d4 Nf6 2. Nf3 g6 3. g3 b6 4. Bg2 Bb7 5. 0-0 Bg7 6. c4 0-0 7. Nc3 Ne4 8. Nxe4 Bxe4 9. Ng5 Bxg2 10. Kxg2 d5 11. Nf3 Nd7 12. cxd5 Nf6 13. Qb3 Qxd5 14. Qxd5 Nxd5 15. Bd2 c5 16. e4 Nf6 17. e5 Nd7 18. Be3 cxd4 19. Bxd4 e6 20. Rac1 Rac8 21. b4 Bh6 22. Be3 Bxe3 23. fxe3 b5 24. Kf2 Nb6 25. Ke2 Nc4 26. Rfd1 Rfd8 27. Rxd8+ Rxd8 28. a4 a6 29. axb5 axb5 30. Ra1 h6 31. h4 Kg7 32. Ra7 Rb8 33. Kd3 Rd8+ 34. Ke4 Rd5 35. g4 1/2-1/2

[Event "Tenerife-chT Primera 1718"]
[Site "Tenerife"]
[Date "2018.01.27"]
[Round "8.2"]
[White "Alessandro, Sergio"]
[Black "Jimenez Arteaga, Angel"]
[Result "1/2-1/2"]
[WhiteElo "1628"]
[BlackElo "1807"]
[PlyCount "115"]
[EventDate "2017.11.11"]
[EventType "team-tourn"]
[EventRounds "14"]
[EventCountry "ESP"]
[SourceTitle "CBM 187 Extra"]
[Source "ChessBase"]
[SourceDate "2018.11.04"]
[SourceVersion "1"]
[SourceVersionDate "2018.11.04"]
[SourceQuality "1"]
[WhiteTeam "Playa San Juan III"]
[BlackTeam "Ebano Casa Venezuela III"]
[WhiteTeamCountry "ESP"]
[BlackTeamCountry "ESP"]

1. b4 e5 2. Bb2 Bxb4 3. f4 d6 4. Nf3 Nc6 5. fxe5 dxe5 6. Nxe5 Nxe5 7. Bxe5 Nf6 8. e3 0-0 9. Qf3 Be7 10. h3 c6 11. Bd3 Qd5 12. Qxd5 Nxd5 13. a3 Bf6 14. Bxf6 Nxf6 15. 0-0 Nd5 16. Bc4 Be6 17. Bxd5 Bxd5 18. Nc3 Be6 19. Ne4 Rad8 20. d3 f6 21. Rf4 Rfe8 22. Ng3 Rd5 23. e4 Rc5 24. Rf2 Rd8 25. a4 Ra5 26. Ne2 b5 27. Nc3 Rd4 28. Rff1 bxa4 29. Ra3 Rb4 30. Rc1 f5 31. exf5 Bxf5 32. Kf2 h5 33. Rca1 Rc5 34. Ke3 Be6 35. Rg1 Re5+ 36. Kd2 Rg5 37. Ne4 Rd5 38. Kc3 a5 39. g4 hxg4 40. hxg4 Re5 41. Kd2 Rd5 42. Ke3 Rdb5 43. Nc3 Rg5 44. Ne4 Rxg4 45. Rxg4 Bxg4 46. c3 Rb5 47. Rxa4 Bd1 48. Ra3 a4 49. Nd6 Re5+ 50. Kd2 Bb3 51. Ne4 Rh5 52. Ra1 Rh2+ 53. Ke3 Bc2 54. Nc5 Rh3+ 55. Kd2 Rh2+ 56. Ke3 Rh3+ 57. Kd2 Rh2+ 58. Ke3 1/2-1/2

[Event "San Cristobal de La Laguna-ch Seniors"]
[Site "San Cristobal de La Laguna"]
[Date "2018.01.26"]
[Round "6.4"]
[White "Alessandro, Sergio"]
[Black "Gonzalez Indias, Maria"]
[Result "1-0"]
[WhiteElo "1607"]
[BlackElo "1152"]
[PlyCount "52"]
[EventDate "2018.01.15"]
[EventType "swiss"]
[EventRounds "6"]
[EventCountry "ESP"]
[SourceTitle "EXT 2024"]
[Source "ChessBase"]
[SourceDate "2023.10.10"]
[SourceVersion "1"]
[SourceVersionDate "2023.10.10"]
[SourceQuality "1"]

1. b4 e5 2. Bb2 d6 3. c4 Nc6 4. b5 Nd4 5. e3 Ne6 6. Nc3 Nf6 7. d4 e4 8. Nge2 Ng5 9. Ng3 Bg4 10. Qc2 Be7 11. h4 Nf3+ 12. gxf3 Bxf3 13. Rg1 Qd7 14. Ngxe4 Nxe4 15. Nxe4 Bxh4 16. Be2 Qh3 17. 0-0-0 0-0-0 18. Bxf3 Qxf3 19. Rdf1 d5 20. Ng5 Qf6 21. Nh3 dxc4 22. Nf4 Qb6 23. Qxc4 Bg5 24. Rxg5 f6 25. Rxg7 Rhg8 26. Rxg8 f5 1-0

[Event "San Cristobal de La Laguna-ch Seniors"]
[Site "San Cristobal de La Laguna"]
[Date "2018.01.17"]
[Round "8.4"]
[White "Nuevo Cabezas, Antonio"]
[Black "Alessandro, Sergio"]
[Result "1-0"]
[WhiteElo "1369"]
[BlackElo "1607"]
[PlyCount "165"]
[EventDate "2018.01.15"]
[EventType "swiss"]
[EventRounds "6"]
[EventCountry "ESP"]
[SourceTitle "EXT 2024"]
[Source "ChessBase"]
[SourceDate "2023.10.10"]
[SourceVersion "1"]
[SourceVersionDate "2023.10.10"]
[SourceQuality "1"]

1. d4 b5 2. e4 Bb7 3. f3 a6 4. Be3 Nf6 5. Nd2 d5 6. e5 Nfd7 7. c3 c5 8. a3 Nc6 9. Nh3 e6 10. Nb3 Be7 11. f4 Qb6 12. dxc5 Nxc5 13. Nxc5 Bxc5 14. Bxc5 Qxc5 15. Qd3 Rd8 16. Rd1 d4 17. c4 bxc4 18. Qxc4 Qxc4 19. Bxc4 Na5 20. Bf1 0-0 21. Kf2 Nb3 22. Bc4 Nc5 23. Rhe1 a5 24. Kg1 a4 25. Nf2 Rfe8 26. h3 h5 27. h4 Re7 28. Kh2 Ba6 29. Bxa6 Nxa6 30. Nd3 Rc7 31. Rd2 Rc4 32. g3 Nc7 33. Kh3 Nd5 34. Re4 Ne7 35. g4 hxg4+ 36. Kxg4 Nf5 37. h5 Kf8 38. Kg5 Ke7 39. Ree2 Rh8 40. Rh2 f6+ 41. Kg4 Ne3+ 42. Kf3 f5 43. Rh1 Kf7 44. Nb4 Kg8 45. Ke2 Ng4 46. Kd3 Rc8 47. Nc2 g6 48. h6 Nxh6 49. Nxd4 Rd8 50. Ke2 Kf7 51. Nc6 Rxd2+ 52. Kxd2 Rc8 53. Nb4 Kg7 54. Rh3 Ng4 55. Nd3 Rc4 56. Rf3 g5 57. fxg5 Kg6 58. Rf4 Re4 59. Rxe4 fxe4 60. Nc5 Kf5 61. g6 Kxe5 62. g7 Nh6 63. Nxa4 e3+ 64. Ke2 Kf6 65. g8Q Nxg8 66. Kxe3 Ke5 67. Nc3 Ne7 68. b4 Nf5+ 69. Kd3 Kd6 70. Kc4 Ne7 71. b5 e5 72. a4 Nc8 73. a5 Na7 74. Ne4+ Ke6 75. Kc5 Kf5 76. Nd6+ Ke6 77. b6 Nc8 78. Nxc8 e4 79. b7 e3 80. b8Q Kf5 81. Qg3 Ke4 82. Kc4 e2 83. Qf2 1-0

[Event "Tenerife-chT Primera 1718"]
[Site "Tenerife"]
[Date "2017.11.11"]
[Round "1.1"]
[White "Alessandro, Sergio"]
[Black "Salomon Felechosa, Jose Luis"]
[Result "1/2-1/2"]
[WhiteElo "1628"]
[BlackElo "1826"]
[PlyCount "77"]
[EventDate "2017.11.11"]
[EventType "team-tourn"]
[EventRounds "14"]
[EventCountry "ESP"]
[SourceTitle "CBM 187 Extra"]
[Source "ChessBase"]
[SourceDate "2018.11.04"]
[SourceVersion "1"]
[SourceVersionDate "2018.11.04"]
[SourceQuality "1"]
[WhiteTeam "Playa San Juan III"]
[BlackTeam "Ebano Casa Venezuela III"]
[WhiteTeamCountry "ESP"]
[BlackTeamCountry "ESP"]

1. Nf3 d5 2. g3 e6 3. Bg2 c6 4. 0-0 Bd6 5. d3 Nf6 6. Nbd2 e5 7. h3 0-0 8. e4 h6 9. exd5 cxd5 10. c4 Be6 11. c5 Bxc5 12. Nxe5 Qd6 13. Ndf3 Nc6 14. Nxc6 bxc6 15. Bf4 Qd8 16. Rc1 Bd6 17. Be5 c5 18. Bxd6 Qxd6 19. d4 c4 20. Ne5 Rac8 21. Qa4 Qb6 22. Rfd1 Rc7 23. b4 cxb3 24. Rxc7 Qxc7 25. Qxb3 Rc8 26. Rd2 Qc1+ 27. Rd1 Qc2 28. Qxc2 Rxc2 29. a3 Ra2 30. Rd3 a5 31. f3 a4 32. g4 Rb2 33. Nc6 Rb3 34. Nb4 Nd7 35. f4 Rxd3 36. Nxd3 f6 37. f5 Bf7 38. Nc5 Nb6 39. Kf2 1/2-1/2

[Event "Santa Cruz de Tenerife Autumn op"]
[Site "Santa Cruz de Tenerife"]
[Date "2017.10.27"]
[Round "9"]
[White "Diaz Reyes, Franklin"]
[Black "Alessandro, Sergio"]
[Result "1/2-1/2"]
[WhiteElo "1451"]
[BlackElo "1628"]
[PlyCount "86"]
[EventDate "2017.10.09"]
[EventType "swiss"]
[EventRounds "9"]
[EventCountry "ESP"]
[SourceTitle "CBM 181 Extra"]
[Source "ChessBase"]
[SourceDate "2017.12.12"]
[SourceVersion "1"]
[SourceVersionDate "2017.12.12"]
[SourceQuality "1"]

1. e4 c5 2. Nc3 e6 3. f4 d5 4. Bb5+ Nc6 5. Bxc6+ bxc6 6. e5 d4 7. Ne4 f5 8. exf6 Nxf6 9. Qe2 Nxe4 10. Qxe4 Qd5 11. d3 Bd6 12. Nf3 Qxe4+ 13. dxe4 0-0 14. e5 Be7 15. 0-0 Rb8 16. b3 Ba6 17. Rf2 h6 18. g3 Kh8 19. Ba3 g5 20. fxg5 hxg5 21. Nxd4 Rxf2 22. Kxf2 Rf8+ 23. Kg1 cxd4 24. Bxe7 Rf5 25. Bc5 d3 26. cxd3 Bxd3 27. Bxa7 Kh7 28. Bb8 Kg6 29. Rc1 Rf8 30. Bd6 Ra8 31. a4 Ra6 32. g4 Kg7 33. Kf2 Rb6 34. b4 Ra6 35. a5 Bb5 36. Be7 Kg6 37. Rd1 Ra7 38. Bf6 c5 39. bxc5 Rxa5 40. Rd2 Bc6 41. Be7 Ra3 42. Rd6 Bd5 43. c6 Rc3 1/2-1/2

[Event "Santa Cruz de Tenerife Autumn op"]
[Site "Santa Cruz de Tenerife"]
[Date "2017.10.20"]
[Round "6"]
[White "Alessandro, Sergio"]
[Black "Martin Lucilla, Antonio Nicolas"]
[Result "1/2-1/2"]
[WhiteElo "1628"]
[BlackElo "1510"]
[PlyCount "87"]
[EventDate "2017.10.09"]
[EventType "swiss"]
[EventRounds "9"]
[EventCountry "ESP"]
[SourceTitle "CBM 181 Extra"]
[Source "ChessBase"]
[SourceDate "2017.12.12"]
[SourceVersion "1"]
[SourceVersionDate "2017.12.12"]
[SourceQuality "1"]

1. Nf3 Nf6 2. b4 g6 3. Bb2 Bg7 4. c4 d6 5. e4 e5 6. Qc2 Nc6 7. b5 Nb8 8. Be2 Nbd7 9. d4 exd4 10. Bxd4 0-0 11. 0-0 Re8 12. Nfd2 Nc5 13. Bf3 Bg4 14. e5 Bxf3 15. Nxf3 Nfd7 16. exd6 Bxd4 17. dxc7 Bxf2+ 18. Qxf2 Qxc7 19. Nc3 Nd3 20. Qh4 Qf4 21. Nd5 Qxh4 22. Nxh4 Rac8 23. Rf3 N3e5 24. Rc3 Rxc4 25. Rxc4 Nxc4 26. Nf3 Re2 27. Rc1 Ncb6 28. Nxb6 axb6 29. Rc8+ Kg7 30. Rc7 Nc5 31. Ng5 Rxa2 32. Nxf7 Rb2 33. Nd6+ Kh6 34. h3 Rd2 35. Nc4 Rd1+ 36. Kh2 Rb1 37. Nd6 Rd1 38. Nf7+ Kg7 39. Ng5+ Rd7 40. Rc8 Kh6 41. h4 Kg7 42. Nf3 Na4 43. g4 Nc5 44. Kg3 1/2-1/2